000 00841nam a22002177a 4500
003 0
005 20251107160420.0
008 251107b xxu||||| |||| 00| 0 eng d
020 _a0-3043-6727-3
050 _aUA 34.S6
_b.S65 2006
100 _aSmith, Michael,
_eauthor.
245 _aKiller elite :
_bthe inside story of America's most secret special operations team /
_cMichael Smith.
260 _aLondon :
_bCassell,
_c2006.
300 _a336 pages :
_bcolored illustrations ;
_c20 cm.
504 _aIncludes bibliographical references and index.
650 _aUnited States. Joint Special Operations Command
_xHistory.
650 _aSpecial operations (Military science)
_zUnited States
_xHistory.
650 _aUnited States. Army. Delta Force
_xHistory.
650 _aMilitary intelligence
_zUnited States
_xHistory.
942 _2lcc
_cBK
999 _c368515
_d368515